000
00273nam a2200121Ia 4500
008
190216s9999||||xx |||||||||||||| ||und||
100
_a
Mehta.Vk
245
0
_a
Self Test In Electronics
260
_b
S Chand & Co
_c
1984
300
_a
191p
650
_a
Physics
942
_c
BK
999
_c
33037
_d
33037